La cantatrice chauve; La lecon
Сохранить в:
| Главный автор: | |
|---|---|
| Формат: | |
| Язык: | французский |
| Опубликовано: |
París
Libraire Hachette
1975
|
| Серии: | Lire Aujourd'Hui. Classiques
|
| Предметы: | |
| Метки: |
Добавить метку
Нет меток, Требуется 1-ая метка записи!
|
MARC
| LEADER | 00000nam a2200000 a 4500 | ||
|---|---|---|---|
| 001 | UCX2850 | ||
| 003 | CL-VaPUC | ||
| 008 | 910826e19750000FR |||||||||||||||||fre|d | ||
| 082 | 0 | 4 | |a 842 |b ION |2 21 |
| 100 | |a Ionesco, Eugène |e author |9 318943 | ||
| 245 | 1 | 3 | |a La cantatrice chauve; La lecon |
| 300 | |a 94 p | ||
| 942 | |c BK | ||
| 945 | |d 19910826 00:00:00 | ||
| 260 | |a París |b Libraire Hachette |c 1975 | ||
| 650 | 0 | |a Drama francés |9 313202 | |
| 650 | 7 | |a TEATRO DEL ABSURDO |2 CL-VaPUC |9 318944 | |
| 583 | |a last modification |c 19910826 00:00:00 |k Rodrigo Vera | ||
| 490 | 0 | |a Lire Aujourd'Hui. Classiques | |
| 999 | |c 223778 |d 223776 | ||
| 952 | |0 0 |1 0 |4 0 |6 842_000000000000000_ION_1975 |7 0 |8 A |9 219885 |a BIBEDU |b BIBEDU |d 2019-11-15 |i 2885697 |o 842 ION 1975 |p 2885697 |r 2019-11-15 |w 2019-11-15 |y BK |k LIT | ||